Identifikácia látok extrahovaných superkritickým oxidom uhličitým zo smrekovej kôry

Enregistré dans:
Détails bibliographiques
Auteur principal: Packa, Dávid (Auteur)
Autres auteurs: Ház, Aleš (Directeur de thèse)
Format: Manuscrit Livre
Langue:slovaque
Publié: 2017
Sujets:
Accès en ligne:http://is.stuba.sk/zp/portal_zp.pl?podrobnosti=111185
Tags: Ajouter un tag
Pas de tags, Soyez le premier à ajouter un tag!

MARC

LEADER 00000ntm a22000003a 4500
001 stuzp65058
003 SK-STU
005 20170715211106.6
007 ta
008 150427s2015----xo-----f-mn---000-0-slo-d
040 |a STU  |b slo 
041 0 |a slo 
100 1 |a Packa, Dávid  |u 049380  |4 aut  |U FCHPT Ústav prírodných a syntetických polymérov  |T FCHPT Oddelenie dreva, celulózy a papiera  |X 65052  |U C9380  |Y 129  |7 65052 
242 0 1 |a Identification of substances extracted with supercritical carbon dioxide from spruce bark  |y eng 
245 1 0 |a Identifikácia látok extrahovaných superkritickým oxidom uhličitým zo smrekovej kôry 
260 |c 2017 
650 4 |a smreková kôra  |2 slo 
650 4 |a extraktívne látky  |2 slo 
650 4 |a scCO2  |2 slo 
650 4 |a fenolické látky  |2 slo 
650 4 |a spruce bark  |2 eng 
650 4 |a extractives  |2 eng 
650 4 |a scCO2  |2 eng 
650 4 |a phenolic compounds  |2 eng 
700 1 |a Ház, Aleš  |u 049380  |k Z2  |4 ths  |U FCHPT Ústav prírodných a syntetických polymérov  |T FCHPT Oddelenie dreva, celulózy a papiera  |X 22008  |U C9380  |Y 129  |7 A000022008 
856 4 |u http://is.stuba.sk/zp/portal_zp.pl?podrobnosti=111185